Statistiken für Länder nach ersten und letzten beiden Buchstaben

Klicken Sie hier um das Quiz zu spielen!

Allgemein

  • Dieses Quiz wurde 44.207 mal gespielt
  • Das Durchschnittsergebnis liegt bei 165 aus 392

Antworten auf der Karte

Die Antworten werden auf der Karte rot bzw. grün angezeigt, abhängig davon wie oft sie richtig erraten wurden.
Laden ...
 

Antwortstatistiken

Land% Korrekt
Demokratische Republik Kongo
91%
Cabo Verde
89%
Kamerun
87%
Kasachstan
87%
Kanada
87%
Sri Lanka
87%
Katar
87%
Jamaika
87%
Kambodscha
87%
Südafrika
87%
Peru
84%
Chile
84%
Frankreich
84%
Vereinigtes Königreich
84%
China
84%
Bangladesch
84%
Österreich
84%
Russland
84%
Rumänien
84%
Nauru
84%
Ruanda
84%
Cabo Verde
81%
Deutschland
81%
Niederlande
81%
Eswatini
79%
Myanmar
77%
Ruanda
71%
Antigua und Barbuda
71%
Uganda
71%
Dänemark
71%
Grenada
71%
Kanada
71%
Albanien
70%
St. Vincent und die Grenadinen
70%
Saudi-Arabien
70%
Serbien
70%
Seychellen
70%
Slowenien
70%
Kroatien
70%
Norwegen
70%
Italien
70%
Jordanien
70%
Libyen
70%
Litauen
70%
Nordmazedonien
70%
Spanien
70%
Malediven
70%
Mauretanien
70%
Moldawien
70%
Algerien
70%
Indonesien
70%
Argentinien
70%
Syrien
70%
Polen
70%
Tschechien
70%
Philippinen
70%
Ägypten
70%
Kolumbien
70%
Rumänien
70%
Äthiopien
70%
Mikronesien
70%
Armenien
70%
Bulgarien
70%
Bolivien
70%
Belgien
70%
Georgien
70%
Belarus
70%
Indien
70%
Komoren
70%
Australien
70%
Schweden
70%
Salomonen
70%
Tunesien
70%
Brasilien
70%
Vereinigte Staaten
70%
Jemen
70%
Brunei
70%
Neuseeland
67%
Guinea-Bissau
67%
Griechenland
67%
Deutschland
67%
Finnland
67%
Palau
67%
Lettland
67%
Thailand
67%
Estland
67%
Australien
67%
Island
67%
Russland
67%
Irland
67%
Usbekistan
66%
Vereinigte Staaten
66%
Vereinigtes Königreich
66%
Vereinigte Arabische Emirate
66%
Venezuela
66%
Mauritius
66%
Kongo
65%
Komoren
63%
Mexiko
63%
Katar
63%
Marokko
63%
Madagaskar
63%
Argentinien
63%
Kolumbien
63%
Kosovo
63%
Armenien
63%
Liechtenstein
62%
Indien
62%
Indonesien
62%
Bahrain
62%
Benin
62%
Namibia
61%
Bosnien und Herzegowina
61%
China
61%
Nauru
61%
Ghana
61%
Guyana
61%
Botswana
61%
Mexiko
60%
Schweiz
60%
Schweden
60%
Suriname
60%
Norwegen
59%
Nordmazedonien
59%
San Marino
59%
Nordkorea
59%
Frankreich
57%
Afghanistan
57%
Iran
57%
Andorra
57%
Turkmenistan
57%
Aserbaidschan
57%
Angola
57%
Bhutan
57%
Oman
57%
Usbekistan
57%
Antigua und Barbuda
57%
Kirgisistan
57%
Kasachstan
57%
Japan
57%
Pakistan
57%
Südsudan
57%
Taiwan
57%
Sudan
57%
Tadschikistan
57%
Algerien
56%
Madagaskar
56%
Malta
56%
Panama
56%
Senegal
56%
Portugal
56%
Mauritius
56%
Mali
56%
Malediven
56%
Malaysia
56%
Nepal
56%
Malawi
56%
Mauretanien
56%
Marshallinseln
56%
Marokko
56%
Albanien
56%
St. Lucia
55%
St. Vincent und die Grenadinen
55%
Samoa
55%
San Marino
55%
São Tomé und Príncipe
55%
St. Kitts und Nevis
55%
Saudi-Arabien
55%
Salomonen
55%
Sambia
55%
Südafrika
53%
Suriname
53%
Sudan
53%
Südkorea
53%
Südsudan
53%
Polen
52%
Portugal
52%
Spanien
52%
Fidschi
50%
Finnland
50%
Chile
49%
Lesotho
49%
Lettland
49%
Irland
48%
Irak
48%
Iran
48%
Libyen
46%
Liechtenstein
46%
Litauen
46%
Libanon
46%
Liberia
46%
Mali
46%
Palau
45%
Panama
45%
Papua-Neuguinea
45%
Pakistan
45%
Paraguay
45%
Moldawien
44%
Mongolei
44%
Montenegro
44%
Mosambik
44%
Monaco
44%
Nepal
41%
Sierra Leone
41%
Ukraine
41%
Neuseeland
41%
Nigeria
40%
Niger
40%
Nicaragua
40%
Niederlande
40%
Island
38%
Peru
38%
São Tomé und Príncipe
38%
Israel
38%
St. Kitts und Nevis
38%
Ägypten
36%
Botswana
35%
Bolivien
35%
Tuvalu
35%
Türkei
35%
Bosnien und Herzegowina
35%
Tunesien
35%
Vanuatu
35%
Turkmenistan
35%
Kuwait
33%
Italien
33%
Laos
31%
Guatemala
31%
Venezuela
31%
Angola
31%
Slowakei
29%
Gambia
29%
Namibia
29%
Türkei
29%
Somalia
29%
Mongolei
29%
Tansania
29%
Dänemark
29%
Sambia
29%
Liberia
29%
Kenia
29%
Nigeria
29%
Brunei
29%
St. Lucia
29%
Japan
29%
Malaysia
29%
Jamaika
29%
Belgien
27%
Belize
27%
Timor-Leste
27%
Benin
27%
Griechenland
24%
Grenada
24%
Tschad
23%
Singapur
23%
Burkina Faso
23%
Tschechien
23%
Somalia
23%
Eswatini
23%
Uruguay
23%
Ukraine
22%
Bahrain
22%
Bahamas
22%
Barbados
22%
Bangladesch
22%
Kuba
22%
Österreich
21%
Laos
21%
Togo
21%
Trinidad und Tobago
21%
Demokratische Republik Kongo
21%
Barbados
21%
Kongo
21%
Afghanistan
20%
Taiwan
20%
Tadschikistan
20%
Tansania
20%
Malta
20%
Äthiopien
20%
Vietnam
20%
Kiribati
19%
Eritrea
19%
Côte d'Ivoire
19%
Kirgisistan
19%
Niger
19%
Jemen
18%
Estland
18%
Belarus
18%
Guyana
17%
Oman
17%
Bahamas
17%
Honduras
17%
Guinea-Bissau
17%
Aserbaidschan
17%
Uruguay
17%
Paraguay
17%
Guinea
17%
Guatemala
17%
Kamerun
16%
Nicaragua
16%
Papua-Neuguinea
16%
Ecuador
16%
Äquatorial-Guinea
16%
Thailand
16%
Eritrea
16%
Ungarn
16%
Gabun
16%
Guinea
16%
Südkorea
16%
Nordkorea
16%
Simbabwe
15%
Serbien
15%
Timor-Leste
15%
Seychellen
15%
Myanmar
15%
Kuwait
15%
Kenia
15%
Senegal
15%
Kuba
15%
Tschad
14%
Dominica
14%
Costa Rica
14%
Burundi
14%
Bulgarien
14%
Burkina Faso
14%
Irak
13%
Sierra Leone
13%
Singapur
13%
Simbabwe
13%
Monaco
12%
Côte d'Ivoire
12%
Costa Rica
12%
Kambodscha
12%
Vietnam
12%
Haiti
12%
Kiribati
11%
Israel
11%
Haiti
11%
Tuvalu
11%
Luxemburg
11%
El Salvador
11%
Togo
11%
Tonga
11%
Vatikanstadt
11%
Honduras
11%
Vanuatu
11%
Dschibuti
11%
Lesotho
11%
Mikronesien
11%
Dominica
10%
Gambia
10%
Gabun
10%
Dominikanische Republik
10%
Philippinen
10%
Tonga
10%
Georgien
10%
Mosambik
10%
Ecuador
10%
El Salvador
10%
Zentralafrikanische Republik
10%
Ghana
9%
Vereinigte Arabische Emirate
8%
Slowakei
8%
Schweiz
8%
Syrien
8%
Sri Lanka
8%
Slowenien
8%
Andorra
7%
Jordanien
7%
Zentralafrikanische Republik
7%
Kroatien
7%
Belize
7%
Uganda
7%
Bhutan
6%
Ungarn
6%
Zypern
6%
Burundi
6%
Fidschi
5%
Dschibuti
5%
Montenegro
4%
Äquatorial-Guinea
4%
Kosovo
4%
Libanon
4%
Trinidad und Tobago
4%
Malawi
4%
Marshallinseln
4%
Samoa
4%
Zypern
3%
Luxemburg
3%
Vatikanstadt
2%

Verteilung der Resultate

Perzentil nach korrekt beantworteten Fragen

Anzahl Personen mit jedem Resultat

Ihre Resultats-Entwicklung

Sie haben dieses Quiz noch nicht gespielt